| 000 | 00707nam a22002175i 4500 | ||
|---|---|---|---|
| 001 | 169793 | ||
| 003 | ES-MaACL | ||
| 005 | 20251217063023.0 | ||
| 008 | 081128s1993 sp |||| | spa d | ||
| 020 | _a84-604-9371-7 | ||
| 080 | _a821.134.2-14"19" | ||
| 100 | 1 |
_aCalderón, Fina de, _d1927-2010 _933598 |
|
| 245 | 1 | 0 |
_aTríptico de sonetos _b: premio de Sonetos Guillermo Osorio "Aguacantos" 1993 / _cFina Calderón. |
| 260 |
_aMadrid : _b[s.n.], _c1993. |
||
| 300 |
_a37 p. : _bil. ; _c17 cm. |
||
| 490 | 1 |
_aPoesía (Huerga y Fierro Editores) _9235818 |
|
| 830 | 0 |
_9235818 _aPoesía (Huerga y Fierro Editores) |
|
| 852 |
_aES-MaACL _j2239-F-4 |
||
| 942 | _2udc | ||
| 999 |
_c169793 _d169793 |
||